Normal view
MARC view
Entry Personal Name
001 - CONTROL NUMBER
- control field: 244993
003 - CONTROL NUMBER IDENTIFIER
- control field: OSt
005 - DATE AND TIME OF LATEST TRANSACTION
- control field: 20251111112413.0
008 - FIXED-LENGTH DATA ELEMENTS
- fixed length control field: 251111|| aca||aabn | a|a d
040 ## - CATALOGING SOURCE
- Original cataloging agency: OSt
- Transcribing agency: OSt
100 ## - HEADING--PERSONAL NAME
- Personal name: TONSE MANGESHARAYA
- Dates associated with a name: ತೋನ್ಸೆ ಮಂಗೇಶರಾಯ
670 ## - SOURCE DATA FOUND
- Source citation: Work cat.: (OSt)120755: TONSE MANGESHARAYA ತೋನ್ಸೆ ಮಂಗೇಶರಾಯ, Tonse mangesharayara bala sahitya mattu vijnana pattyagalu, 2015